| 000 | 00810cab a2200205 4500 | ||
|---|---|---|---|
| 001 | ABS67613 | ||
| 008 | 040330n2004 000 0 eng u | ||
| 035 | _a(Sirsi) u125662 | ||
| 100 | _aWilliams, A. | ||
| 245 | _aSomething for nothing | ||
| 260 | _c2004 | ||
| 490 |
_aArchitects' Journal _v219(4) 29 January 2004, 46(1) |
||
| 520 | _aReviews a new website which offers free CPD for construction professionals. Includes an international news section, articles and a guide to planning a personal CPD programme. The articles and exercises have accompanying CPD awards. The site is available at www.freecpd.co.uk. | ||
| 590 | _aABS | ||
| 650 | _aCPD | ||
| 650 | _aWEBSITES | ||
| 690 | _aCAREERS, EDUCATION AND TRAINING | ||
| 856 |
_uhttps://www.freecpd.co.uk _zView the FREECPD website... |
||
| 942 | _n0 | ||
| 999 |
_c74321 _d74321 |
||